[Event "V Sunway Sitges Open 2018"]
[Site "Sitges"]
[Date "2018.12.18"]
[Round "5"]
[White "Ingebretsen, Jens E"]
[Black "Stella, Andrea"]
[Result "0-1"]
[WhiteElo "2251"]
[BlackElo "2503"]
[Annotator "ChessBase"]
[PlyCount "136"]
[EventDate "2018.12.14"]
[EventType "swiss"]
[EventCountry "ESP"]
[SourceTitle "playchess.com"]
[Source "ChessBase"]
[SourceQuality "1"]
[TimeControl "40/5400+30:1800+30"]

1. c4 {[%emt 0:00:00]} c5 {[%emt 0:04:20]} 2. Nf3 {[%emt 0:00:00]} Nf6 {[%emt 0:00:39]} 3. Nc3 {[%emt 0:00:00]} d5 {[%emt 0:00:33]} 4. cxd5 {[%emt 0:00:26]} Nxd5 {[%emt 0:00:04]} 5. e4 {[%emt 0:00:27]} Nb4 {[%emt 0:01:19]} 6. Bc4 {[%emt 0:00:26]} Be6 {[%emt 0:01:05]} 7. Bb5+ {[%emt 0:00:12]} Bd7 {[%emt 0:00:32]} 8. a3 {[%emt 0:03:08]} N4c6 {[%emt 0:00:45]} 9. e5 {[%emt 0:05:16]} e6 {[%emt 0:04:18]} 10. O-O {[%emt 0:01:10]} Nd4 {[%emt 0:02:30]} 11. Bd3 {[%emt 0:03:51]} Bc6 {[%emt 0:08:27]} 12. Be4 {[%emt 0:05:22]} Be7 {[%emt 0:01:15]} 13. b4 {[%emt 0:03:02]} cxb4 {[%emt 0:06:16]} 14. axb4 {[%emt 0:01:23]} Bxb4 {[%emt 0:01:51]} 15. Bb2 {[%emt 0:10:07]} Bxc3 {[%emt 0:10:01]} 16. dxc3 {[%emt 0:03:18]} Nxf3+ {[%emt 0:04:04]} 17. Qxf3 {[%emt 0:00:33]} O-O {[%emt 0:02:09]} 18. Ba3 {[%emt 0:03:50]} Re8 {[%emt 0:02:14]} 19. Rfd1 {[%emt 0:03:43]} Qc7 {[%emt 0:14:50]} 20. Bd6 {[%emt 0:03:38]} Bxe4 {[%emt 0:00:13]} 21. Qxe4 {[%emt 0:00:54]} Qc6 {[%emt 0:00:03]} 22. Qe3 {[%emt 0:05:19]} Nd7 23. Rxa7 {[%emt 0:11:50]} Rxa7 {[%emt 0:07:01]} 24. Qxa7 {[%emt 0:00:07]} Qxc3 {[%emt 0:05:24]} 25. Qxb7 {[%emt 0:08:10]} Nxe5 {[%emt 0:03:18]} 26. Bxe5 {[%emt 0:02:06]} Qxe5 {[%emt 0:00:15]} 27. Qd7 {[%emt 0:00:24]} Rf8 {[%emt 0:02:12]} 28. Qd4 {[%emt 0:00:48]} Qf5 {[%emt 0:00:51]} 29. Qd3 {[%emt 0:00:48]} Qe5 {[%emt 0:00:17]} 30. Qd4 {[%emt 0:00:10]} Qf5 {[%emt 0:00:08]} 31. Qd3 {[%emt 0:00:26]} Qh5 {[%emt 0:01:10]} 32. Qf3 {[%emt 0:07:57]} Qxf3 {[%emt 0:01:22]} 33. gxf3 {[%emt 0:00:02]} Ra8 {[%emt 0:00:15]} 34. Kg2 {[%emt 0:00:14]} Kf8 {[%emt 0:00:09]} 35. Rd7 {[%emt 0:00:12]} Ra4 {[%emt 0:00:33]} 36. Rb7 {[%emt 0:00:28]} g5 {[%emt 0:00:50]} 37. h3 {[%emt 0:00:21]} Kg7 {[%emt 0:00:04]} 38. Rc7 {[%emt 0:00:52]} Kg6 {[%emt 0:00:07]} 39. Re7 {[%emt 0:00:24]} Rf4 {[%emt 0:01:22]} 40. Kg3 {[%emt 0:00:00]} Ra4 {[%emt 0:00:00]} 41. Kg2 {[%emt 0:01:32]} Ra3 {[%emt 0:01:54]} 42. Kg3 {[%emt 0:01:03]} Ra6 {[%emt 0:02:09]} 43. Rb7 {[%emt 0:02:07]} h5 {[%emt 0:00:25]} 44. Rb4 {[%emt 0:01:37]} Ra5 {[%emt 0:00:14]} 45. Rc4 {[%emt 0:00:29]} Rd5 {[%emt 0:00:37]} 46. Ra4 {[%emt 0:00:33]} Kf5 {[%emt 0:01:33]} 47. Rb4 {[%emt 0:00:13]} f6 {[%emt 0:01:21]} 48. Ra4 {[%emt 0:00:49]} Rd3 {[%emt 0:01:32]} 49. Rb4 {[%emt 0:00:24]} e5 {[%emt 0:00:17]} 50. Ra4 {[%emt 0:01:15]} Rd4 {[%emt 0:00:18]} 51. Ra6 {[%emt 0:00:41]} g4 {[%emt 0:01:09]} 52. fxg4+ {[%emt 0:00:58]} hxg4 {[%emt 0:00:11]} 53. hxg4+ {[%emt 0:00:12]} Rxg4+ {[%emt 0:00:02]} 54. Kf3 {[%emt 0:00:10]} Rg1 {[%emt 0:02:55]} 55. Rb6 {[%emt 0:01:11]} e4+ {[%emt 0:03:10]} 56. Ke2 {[%emt 0:04:11]} Ra1 {[%emt 0:03:11]} 57. Rb2 {[%emt 0:07:04]} Kf4 {[%emt 0:00:18]} 58. Rc2 {[%emt 0:00:06]} f5 {[%emt 0:00:28]} 59. Rb2 {[%emt 0:00:20]} Kg4 {[%emt 0:04:57]} 60. Rb8 {[%emt 0:00:55]} Ra2+ {[%emt 0:00:38]} 61. Kf1 {[%emt 0:05:37]} f4 {[%emt 0:00:42]} 62. Rb3 {[%emt 0:02:19]} f3 {[%emt 0:02:28]} 63. Kg1 {[%emt 0:13:33]} Kh3 {[%emt 0:02:22]} 64. Rb1 {[%emt 0:00:59]} e3 {[%emt 0:00:48]} 65. fxe3 {[%emt 0:01:17]} Kg3 {[%emt 0:00:06]} 66. e4 {[%emt 0:01:33]} Rg2+ {[%emt 0:00:15]} 67. Kf1 {[%emt 0:00:47]} Rh2 {[%emt 0:00:03]} 68. Kg1 {[%emt 0:00:28]} f2+ {[%emt 0:00:06]} 0-1

[Event "V Sunway Sitges Open 2018"]
[Site "Sitges"]
[Date "2018.12.18"]
[Round "5"]
[White "Sanchez Lopez, Juan Manuel"]
[Black "Perez Bolanos, David"]
[Result "1-0"]
[WhiteElo "2065"]
[BlackElo "1747"]
[Annotator "NA"]
[PlyCount "61"]
[EventDate "2018.12.14"]
[EventType "swiss"]
[EventCountry "ESP"]
[SourceTitle "playchess.com"]
[Source "ChessBase"]
[SourceQuality "1"]
[TimeControl "40/5400+30:1800+30"]

1. c4 {[%emt 0:01:40]} e5 {[%emt 0:01:29]} 2. Nc3 {[%emt 0:00:13]} Nc6 {[%emt 0:00:37]} 3. g3 {[%emt 0:00:05]} Nf6 {[%emt 0:02:24]} 4. Bg2 {[%emt 0:00:07]} d6 {[%emt 0:01:11]} 5. d3 {[%emt 0:00:22]} g6 {[%emt 0:01:45]} 6. e4 {[%emt 0:00:56]} Bg7 {[%emt 0:04:05]} 7. Nge2 {[%emt 0:00:28]} O-O {[%emt 0:05:52]} 8. O-O {[%emt 0:00:22]} Ne8 {[%emt 0:04:55]} 9. Be3 {[%emt 0:03:12]} Nd4 {[%emt 0:12:55]} 10. Qd2 {[%emt 0:02:06]} c6 {[%emt 0:04:31]} 11. Rae1 {[%emt 0:00:21]} f5 {[%emt 0:02:51]} 12. f4 {[%emt 0:10:10]} Nxe2+ {[%emt 0:08:59]} 13. Rxe2 {[%emt 0:02:49]} fxe4 {[%emt 0:04:26]} 14. dxe4 {[%emt 0:01:12]} Be6 {[%emt 0:03:08]} 15. b3 {[%emt 0:00:21]} Qe7 {[%emt 0:03:49]} 16. Ref2 {[%emt 0:01:39]} exf4 {[%emt 0:03:40]} 17. gxf4 {[%emt 0:01:10]} Nc7 {[%emt 0:12:46]} 18. f5 {[%emt 0:01:25]} Bd7 {[%emt 0:00:16]} 19. Bh6 {[%emt 0:07:54]} Bxh6 {[%emt 0:03:24]} 20. Qxh6 {[%emt 0:00:37]} Rf6 {[%emt 0:00:30]} 21. Qh4 {[%emt 0:07:40]} Qg7 {[%emt 0:04:21]} 22. Ne2 {[%emt 0:03:36]} g5 {[%emt 0:04:13]} 23. Qg4 {[%emt 0:06:51]} Be8 {[%emt 0:01:27]} 24. Ng3 {[%emt 0:00:18]} h6 {[%emt 0:01:06]} 25. c5 {[%emt 0:00:56]} h5 {[%emt 0:01:10]} 26. Nxh5 {[%emt 0:01:35]} Bxh5 {[%emt 0:00:04]} 27. Qxh5 {[%emt 0:00:09]} Rh6 {[%emt 0:00:19]} 28. Qg4 {[%emt 0:01:02]} dxc5 {[%emt 0:00:46]} 29. f6 {[%emt 0:00:27]} Qg6 {[%emt 0:00:21]} 30. Rf5 {[%emt 0:02:32]} Ne6 {[%emt 0:00:16]} 31. Re5 {[%emt 0:01:13]} 1-0

[Event "V Sunway Sitges Open 2018"]
[Site "Sitges"]
[Date "2018.12.18"]
[Round "5"]
[White "Sismeiro, Miguel"]
[Black "Lopez Capape, Armando"]
[Result "1-0"]
[WhiteElo "2006"]
[BlackElo "1827"]
[Annotator "NA"]
[PlyCount "49"]
[EventDate "2018.12.14"]
[EventType "swiss"]
[EventCountry "ESP"]
[SourceTitle "playchess.com"]
[Source "ChessBase"]
[SourceQuality "1"]
[TimeControl "40/5400+30:1800+30"]

1. e4 c5 2. Nf3 g6 3. d4 cxd4 4. Nxd4 Bg7 5. c4 Nc6 6. Be3 Nf6 7. Nc3 Ng4 8. Qxg4 {[%emt 0:08:38]} Nxd4 {[%emt 0:05:54]} 9. Qd1 {[%emt 0:00:03]} e5 {[%emt 0:02:29]} 10. Nb5 {[%emt 0:00:18]} Nxb5 {[%emt 0:16:04]} 11. cxb5 {[%emt 0:00:12]} O-O {[%emt 0:04:44]} 12. Bc4 {[%emt 0:06:19]} Kh8 {[%emt 0:06:12]} 13. Bc5 {[%emt 0:07:51]} Qh4 {[%emt 0:17:06]} 14. Bxf8 {[%emt 0:03:19]} Bxf8 {[%emt 0:02:18]} 15. O-O {[%emt 0:00:14]} d6 {[%emt 0:03:21]} 16. Qd5 {[%emt 0:03:48]} Be6 {[%emt 0:01:19]} 17. Qxb7 {[%emt 0:00:37]} Rd8 {[%emt 0:00:10]} 18. Bxe6 {[%emt 0:00:09]} fxe6 {[%emt 0:00:09]} 19. Rac1 {[%emt 0:01:50]} d5 {[%emt 0:00:49]} 20. Rc8 {[%emt 0:02:55]} d4 {[%emt 0:00:28]} 21. Rxd8 {[%emt 0:01:19]} Qxd8 {[%emt 0:00:07]} 22. Qf7 {[%emt 0:01:06]} h6 {[%emt 0:02:23]} 23. Qxe6 {[%emt 0:01:54]} d3 {[%emt 0:00:11]} 24. Qxe5+ {[%emt 0:00:20]} Bg7 {[%emt 0:00:10]} 25. Qd5 {[%emt 0:00:08]} 1-0

[Event "V Sunway Sitges Open 2018"]
[Site "Sitges"]
[Date "2018.12.18"]
[Round "5"]
[White "Gonzalez Pabollet, Jesus Maria S"]
[Black "Pedashenko, Anatoly"]
[Result "0-1"]
[WhiteElo "1815"]
[BlackElo "1985"]
[Annotator "NA"]
[PlyCount "46"]
[EventDate "2018.12.14"]
[EventType "swiss"]
[EventCountry "ESP"]
[SourceTitle "playchess.com"]
[Source "ChessBase"]
[SourceQuality "1"]
[TimeControl "40/5400+30:1800+30"]

1. Nf3 {[%emt 0:09:08]} d5 {[%emt 0:00:00]} 2. g3 {[%emt 0:00:14]} Nf6 {[%emt 0:00:33]} 3. Bg2 {[%emt 0:00:59]} Bg4 {[%emt 0:01:10]} 4. c4 {[%emt 0:02:45]} c6 {[%emt 0:00:56]} 5. cxd5 {[%emt 0:05:21]} cxd5 {[%emt 0:00:15]} 6. Nc3 {[%emt 0:01:56]} Nc6 {[%emt 0:00:48]} 7. d4 {[%emt 0:03:51]} Qb6 {[%emt 0:07:07]} 8. O-O {[%emt 0:11:00]} e6 {[%emt 0:00:59]} 9. e3 {[%emt 0:04:13]} Bd6 {[%emt 0:05:49]} 10. h3 {[%emt 0:06:50]} Bh5 {[%emt 0:00:51]} 11. a3 {[%emt 0:00:34]} Rc8 {[%emt 0:08:04]} 12. Qd3 {[%emt 0:08:13]} O-O {[%emt 0:02:54]} 13. Qb5 {[%emt 0:05:48]} Qc7 {[%emt 0:04:23]} 14. Bd2 {[%emt 0:04:21]} a6 {[%emt 0:02:04]} 15. Qa4 {[%emt 0:01:57]} Nd7 {[%emt 0:10:13]} 16. b4 {[%emt 0:10:08]} Nb6 {[%emt 0:00:35]} 17. Qb3 {[%emt 0:00:27]} Nc4 {[%emt 0:00:29]} 18. Ra2 {[%emt 0:02:21]} Nxd2 {[%emt 0:14:09]} 19. Rxd2 {[%emt 0:01:46]} Nxd4 {[%emt 0:04:48]} 20. Rxd4 {[%emt 0:02:41]} Qxc3 {[%emt 0:01:36]} 21. Qa4 {[%emt 0:00:22]} Bxg3 {[%emt 0:04:51]} 22. Ne1 {[%emt 0:06:31]} Be2 {[%emt 0:04:44]} 23. fxg3 {[%emt 0:00:43]} Qxe3+ {[%emt 0:00:14]} 0-1

[Event "V Sunway Sitges Open 2018"]
[Site "Sitges"]
[Date "2018.12.18"]
[Round "5"]
[White "Jagadeesh, Balakrishnan"]
[Black "Lopez Arjona, Emilio"]
[Result "1-0"]
[WhiteElo "1750"]
[BlackElo "1535"]
[Annotator "NA"]
[PlyCount "103"]
[EventDate "2018.12.14"]
[EventType "swiss"]
[EventCountry "ESP"]
[SourceTitle "playchess.com"]
[Source "ChessBase"]
[SourceQuality "1"]
[TimeControl "40/5400+30:1800+30"]

1. d4 {[%emt 0:00:00]} Nf6 {[%emt 0:00:00]} 2. g3 {[%emt 0:00:17]} d5 {[%emt 0:02:57]} 3. c4 {[%emt 0:00:09]} c6 {[%emt 0:01:16]} 4. Bg2 {[%emt 0:00:03]} Bf5 {[%emt 0:03:02]} 5. Nf3 {[%emt 0:00:12]} h6 {[%emt 0:00:43]} 6. O-O {[%emt 0:00:25]} e6 {[%emt 0:00:16]} 7. Nc3 {[%emt 0:01:19]} Bd6 {[%emt 0:02:23]} 8. Nd2 {[%emt 0:01:01]} Bc7 {[%emt 0:02:50]} 9. e4 {[%emt 0:04:38]} dxe4 {[%emt 0:01:10]} 10. Ndxe4 {[%emt 0:01:32]} Nbd7 {[%emt 0:04:48]} 11. d5 {[%emt 0:05:07]} Nxe4 {[%emt 0:06:12]} 12. Nxe4 {[%emt 0:01:24]} cxd5 {[%emt 0:04:56]} 13. cxd5 {[%emt 0:00:23]} Rb8 {[%emt 0:02:30]} 14. dxe6 {[%emt 0:07:32]} Bxe6 {[%emt 0:02:13]} 15. Nd6+ {[%emt 0:01:04]} Bxd6 {[%emt 0:03:35]} 16. Qxd6 {[%emt 0:00:04]} Nf6 {[%emt 0:09:51]} 17. Qa3 {[%emt 0:14:41]} Qe7 {[%emt 0:04:56]} 18. Qxa7 {[%emt 0:06:40]} O-O {[%emt 0:00:46]} 19. a3 {[%emt 0:06:27]} Nd5 {[%emt 0:08:05]} 20. Be3 {[%emt 0:07:10]} Ra8 {[%emt 0:03:43]} 21. Qc5 {[%emt 0:01:02]} Qxc5 {[%emt 0:01:22]} 22. Bxc5 {[%emt 0:00:03]} Rfc8 {[%emt 0:00:21]} 23. Rac1 {[%emt 0:03:38]} Rc6 {[%emt 0:03:46]} 24. Rfd1 {[%emt 0:03:53]} Rac8 {[%emt 0:03:41]} 25. Bxd5 {[%emt 0:00:19]} Rxc5 {[%emt 0:00:25]} 26. Rxc5 {[%emt 0:00:38]} Rxc5 {[%emt 0:00:43]} 27. Bxb7 {[%emt 0:04:14]} Rb5 {[%emt 0:00:51]} 28. Rd8+ {[%emt 0:00:18]} Kh7 {[%emt 0:00:52]} 29. Be4+ {[%emt 0:00:09]} f5 {[%emt 0:02:47]} 30. Bc6 {[%emt 0:09:29]} Rxb2 {[%emt 0:02:10]} 31. a4 {[%emt 0:00:45]} Ra2 {[%emt 0:03:41]} 32. Kg2 {[%emt 0:02:38]} h5 {[%emt 0:01:14]} 33. h4 {[%emt 0:00:15]} Bb3 {[%emt 0:00:43]} 34. Rd4 {[%emt 0:03:42]} Bf7 {[%emt 0:03:37]} 35. Kf3 {[%emt 0:03:28]} Ra3+ {[%emt 0:00:54]} 36. Ke2 {[%emt 0:02:53]} Ra2+ {[%emt 0:01:03]} 37. Ke3 {[%emt 0:00:25]} Ra3+ {[%emt 0:00:07]} 38. Rd3 {[%emt 0:00:34]} Ra2 {[%emt 0:01:18]} 39. Rd2 {[%emt 0:00:47]} Ra3+ {[%emt 0:00:23]} 40. Kd4 {[%emt 0:00:00]} Be6 {[%emt 0:00:00]} 41. Bb5 {[%emt 0:04:30]} Kg6 {[%emt 0:08:03]} 42. Kc5 {[%emt 0:00:59]} Rc3+ {[%emt 0:01:49]} 43. Kb6 {[%emt 0:02:43]} Rb3 {[%emt 0:03:49]} 44. Ka7 {[%emt 0:02:43]} Ra3 {[%emt 0:01:22]} 45. Ka6 {[%emt 0:05:26]} Bc8+ {[%emt 0:01:04]} 46. Kb6 {[%emt 0:00:01]} Rb3 {[%emt 0:00:37]} 47. a5 {[%emt 0:01:22]} Be6 {[%emt 0:00:52]} 48. Rd6 {[%emt 0:02:57]} Kf7 {[%emt 0:00:11]} 49. Rc6 {[%emt 0:01:58]} Ke7 {[%emt 0:02:23]} 50. Rc5 {[%emt 0:00:57]} Kd8 {[%emt 0:01:17]} 51. a6 {[%emt 0:01:17]} Bd7 {[%emt 0:04:00]} 52. a7 {[%emt 0:01:46]} 1-0

[Event "V Sunway Sitges Open 2018"]
[Site "Sitges"]
[Date "2018.12.18"]
[Round "5"]
[White "Perez Bolanos, Joel"]
[Black "Bono Monreal, Alberto"]
[Result "1/2-1/2"]
[WhiteElo "1717"]
[BlackElo "2014"]
[Annotator "NA"]
[PlyCount "70"]
[EventDate "2018.12.14"]
[EventType "swiss"]
[EventCountry "ESP"]
[SourceTitle "playchess.com"]
[Source "ChessBase"]
[SourceQuality "1"]
[TimeControl "40/5400+30:1800+30"]

1. e4 {[%emt 0:03:35]} c5 {[%emt 0:00:00]} 2. Nf3 {[%emt 0:00:28]} d6 {[%emt 0:00:00]} 3. d4 {[%emt 0:01:29]} cxd4 {[%emt 0:00:00]} 4. Nxd4 {[%emt 0:00:10]} Nf6 {[%emt 0:00:00]} 5. Nc3 {[%emt 0:00:10]} e5 {[%emt 0:00:01]} 6. Nb3 {[%emt 0:03:10]} Be7 {[%emt 0:03:02]} 7. g3 {[%emt 0:05:21]} O-O {[%emt 0:00:12]} 8. Bg2 {[%emt 0:00:07]} a5 {[%emt 0:00:08]} 9. a4 {[%emt 0:01:20]} Nc6 {[%emt 0:00:04]} 10. O-O {[%emt 0:00:09]} Bg4 {[%emt 0:05:12]} 11. f3 {[%emt 0:10:22]} Be6 {[%emt 0:00:49]} 12. Nd5 {[%emt 0:01:46]} Rc8 {[%emt 0:05:30]} 13. c3 {[%emt 0:03:03]} Re8 {[%emt 0:09:01]} 14. Be3 {[%emt 0:05:01]} Bf8 {[%emt 0:03:46]} 15. Bb6 {[%emt 0:05:16]} Qd7 {[%emt 0:00:09]} 16. Nxf6+ {[%emt 0:11:48]} gxf6 {[%emt 0:00:01]} 17. Nxa5 {[%emt 0:02:05]} Bh6 {[%emt 0:06:30]} 18. Nxc6 {[%emt 0:09:36]} bxc6 {[%emt 0:00:10]} 19. a5 {[%emt 0:01:03]} c5 {[%emt 0:00:29]} 20. Qa4 {[%emt 0:04:08]} Qe7 {[%emt 0:02:33]} 21. Rfd1 {[%emt 0:02:32]} f5 {[%emt 0:01:00]} 22. Rd3 {[%emt 0:09:34]} Bd7 {[%emt 0:01:19]} 23. Qd1 {[%emt 0:00:15]} Rc6 {[%emt 0:02:22]} 24. Qe2 {[%emt 0:03:03]} fxe4 {[%emt 0:14:48]} 25. fxe4 {[%emt 0:00:33]} f5 {[%emt 0:03:43]} 26. exf5 {[%emt 0:02:07]} e4 {[%emt 0:00:12]} 27. Qg4+ {[%emt 0:00:25]} Kh8 {[%emt 0:00:56]} 28. Re1 {[%emt 0:00:55]} Qf7 {[%emt 0:07:55]} 29. Bxe4 {[%emt 0:02:47]} Bxf5 {[%emt 0:02:46]} 30. Qf3 {[%emt 0:00:10]} Qe6 {[%emt 0:19:14]} 31. Qxf5 {[%emt 0:04:36]} Qxf5 {[%emt 0:00:02]} 32. Bxf5 {[%emt 0:00:10]} Rxe1+ {[%emt 0:00:03]} 33. Kf2 {[%emt 0:00:11]} Rb1 {[%emt 0:05:51]} 34. Bd7 {[%emt 0:01:01]} Rxb2+ {[%emt 0:00:09]} 35. Kf3 {[%emt 0:00:11]} Rcxb6 1/2-1/2

[Event "V Sunway Sitges Open 2018"]
[Site "Sitges"]
[Date "2018.12.18"]
[Round "5"]
[White "Barguer, Alexey"]
[Black "Clanchet Olle, Josep"]
[Result "1/2-1/2"]
[WhiteElo "1435"]
[BlackElo "1654"]
[Annotator "NA"]
[PlyCount "67"]
[EventDate "2018.12.14"]
[EventType "swiss"]
[EventCountry "ESP"]
[SourceTitle "playchess.com"]
[Source "ChessBase"]
[SourceQuality "1"]
[TimeControl "40/5400+30:1800+30"]

1. Nf3 {[%emt 0:00:00]} d5 {[%emt 0:05:23]} 2. g3 {[%emt 0:00:44]} Bf5 {[%emt 0:00:40]} 3. Bg2 {[%emt 0:00:22]} c6 {[%emt 0:01:07]} 4. O-O {[%emt 0:00:27]} e6 {[%emt 0:01:01]} 5. c4 {[%emt 0:00:44]} Nf6 {[%emt 0:01:23]} 6. cxd5 {[%emt 0:00:33]} exd5 {[%emt 0:02:05]} 7. d3 {[%emt 0:01:06]} Bd6 {[%emt 0:03:53]} 8. Nc3 {[%emt 0:03:13]} O-O {[%emt 0:02:39]} 9. Qc2 {[%emt 0:01:17]} Re8 {[%emt 0:04:11]} 10. Re1 {[%emt 0:03:49]} Nbd7 {[%emt 0:02:55]} 11. a3 {[%emt 0:00:58]} Qc7 {[%emt 0:03:08]} 12. b4 {[%emt 0:02:50]} a5 {[%emt 0:03:48]} 13. bxa5 {[%emt 0:13:10]} Rxa5 {[%emt 0:03:21]} 14. Bd2 {[%emt 0:04:03]} Rea8 {[%emt 0:03:08]} 15. a4 {[%emt 0:05:46]} b5 {[%emt 0:11:25]} 16. Nd4 {[%emt 0:03:48]} Be6 {[%emt 0:03:28]} 17. Ncxb5 {[%emt 0:01:03]} cxb5 {[%emt 0:01:32]} 18. Qxc7 {[%emt 0:00:20]} Bxc7 {[%emt 0:00:40]} 19. Bxa5 {[%emt 0:03:45]} Bxa5 {[%emt 0:02:45]} 20. axb5 {[%emt 0:02:08]} Nb6 {[%emt 0:01:47]} 21. Rec1 {[%emt 0:01:40]} Bd7 {[%emt 0:03:39]} 22. Nc6 {[%emt 0:02:42]} Bd2 {[%emt 0:04:08]} 23. Rxa8+ {[%emt 0:00:33]} Nxa8 {[%emt 0:00:19]} 24. Ra1 {[%emt 0:00:20]} Bxc6 {[%emt 0:01:51]} 25. bxc6 {[%emt 0:00:50]} Nc7 {[%emt 0:03:21]} 26. Ra7 {[%emt 0:00:40]} Nfe8 {[%emt 0:01:16]} 27. Bh3 {[%emt 0:00:58]} Nb5 {[%emt 0:04:39]} 28. Ra8 {[%emt 0:06:33]} Nbc7 {[%emt 0:01:17]} 29. Ra7 {[%emt 0:02:42]} Kf8 {[%emt 0:00:33]} 30. Bd7 {[%emt 0:00:39]} Nb5 {[%emt 0:03:05]} 31. Ra8 {[%emt 0:01:04]} Nbc7 {[%emt 0:00:58]} 32. Ra7 {[%emt 0:01:22]} Nb5 {[%emt 0:01:27]} 33. Ra8 {[%emt 0:00:18]} Nbc7 {[%emt 0:00:29]} 34. Ra7 1/2-1/2

[Event "V Sunway Sitges Open 2018"]
[Site "Sitges"]
[Date "2018.12.18"]
[Round "5"]
[White "Bolat, Inayat"]
[Black "Grau Ferrer, Carles"]
[Result "0-1"]
[WhiteElo "1262"]
[BlackElo "1796"]
[Annotator "NA"]
[PlyCount "66"]
[EventDate "2018.12.14"]
[EventType "swiss"]
[EventCountry "ESP"]
[SourceTitle "playchess.com"]
[Source "ChessBase"]
[SourceQuality "1"]
[TimeControl "40/5400+30:1800+30"]

1. e4 {[%emt 0:05:25]} c5 {[%emt 0:00:20]} 2. Nf3 {[%emt 0:00:11]} d6 {[%emt 0:01:02]} 3. d4 {[%emt 0:00:08]} cxd4 {[%emt 0:00:12]} 4. Nxd4 {[%emt 0:00:17]} e6 {[%emt 0:00:17]} 5. Nc3 {[%emt 0:00:10]} Nc6 {[%emt 0:01:03]} 6. Be3 {[%emt 0:00:22]} Be7 {[%emt 0:02:28]} 7. Bb5 {[%emt 0:00:27]} Bd7 {[%emt 0:00:07]} 8. O-O {[%emt 0:00:27]} Nf6 {[%emt 0:00:32]} 9. f4 {[%emt 0:00:41]} Nxd4 {[%emt 0:03:16]} 10. Qxd4 {[%emt 0:00:37]} O-O {[%emt 0:00:40]} 11. e5 {[%emt 0:00:41]} Ng4 {[%emt 0:00:19]} 12. exd6 {[%emt 0:00:37]} Bf6 {[%emt 0:00:06]} 13. Qe4 {[%emt 0:00:28]} Nxe3 {[%emt 0:00:23]} 14. Qxe3 {[%emt 0:00:11]} Bxc3 {[%emt 0:00:58]} 15. Bxd7 {[%emt 0:00:23]} Bf6 {[%emt 0:00:09]} 16. Bb5 {[%emt 0:00:30]} Qxd6 {[%emt 0:01:29]} 17. Rad1 {[%emt 0:00:22]} Qb4 {[%emt 0:00:11]} 18. Bd3 {[%emt 0:00:40]} Bd4 {[%emt 0:00:10]} 19. Qxd4 {[%emt 0:00:28]} Qxd4+ {[%emt 0:00:04]} 20. Kh1 {[%emt 0:00:08]} Qb6 {[%emt 0:01:34]} 21. Rf3 {[%emt 0:00:44]} g6 {[%emt 0:01:10]} 22. b3 {[%emt 0:14:45]} Rad8 {[%emt 0:00:15]} 23. Rdf1 {[%emt 0:01:05]} Rd6 {[%emt 0:01:48]} 24. h4 {[%emt 0:00:54]} Qa5 {[%emt 0:00:15]} 25. a4 {[%emt 0:01:00]} Rfd8 {[%emt 0:00:19]} 26. Re1 {[%emt 0:00:46]} Qxe1+ {[%emt 0:00:08]} 27. Kh2 {[%emt 0:00:07]} Qxh4+ {[%emt 0:00:12]} 28. Kg1 {[%emt 0:00:26]} Rxd3 {[%emt 0:01:05]} 29. cxd3 {[%emt 0:00:27]} Qe1+ {[%emt 0:00:07]} 30. Kh2 {[%emt 0:00:21]} Qd1 {[%emt 0:00:29]} 31. Rg3 {[%emt 0:05:38]} Rxd3 {[%emt 0:00:10]} 32. Rxd3 {[%emt 0:01:36]} Qxd3 {[%emt 0:00:03]} 33. b4 {[%emt 0:00:17]} Qd2 {[%emt 0:00:09]} 0-1

[Event "V Sunway Sitges Open 2018"]
[Site "Sitges"]
[Date "2018.12.19"]
[Round "6"]
[White "Ivanchuk, Vassily"]
[Black "Ayats Llobera, Gerard"]
[Result "1-0"]
[WhiteElo "2717"]
[BlackElo "2395"]
[Annotator "TA"]
[PlyCount "101"]
[EventDate "2018.12.14"]
[EventType "swiss"]
[EventCountry "ESP"]
[SourceTitle "playchess.com"]
[Source "ChessBase"]
[SourceQuality "1"]

{[%evp 16,101,53,50,55,57,52,38,53,26,33,37,36,39,40,39,57,47,47,39,81,85,79,82,80,60,70,61,61,41,52,41,27,31,57,41,54,56,60,48,37,29,28,13,78,35,35,52,149,136,118,128,112,117,111,106,204,120,127,121,150,133,129,115,322,188,347,342,342,261,261,265,253,252,358,348,335,342,339,335,370,367,374,383,365,356,832,817]} 1. d4 d5 2. c4 Nc6 3. Nf3 Bg4 4. Nc3 e6 5. Bf4 Nf6 6. e3 Bd6 {D02: 1 d4 d5 2 Nf3 sidelines, including 2...Nf6 3 g3 and 2...Nf6 3 Bf4} (6... a6 7. a3 h6 8. h3 Bh5 9. c5 Bg6 10. Qa4 Nd7 11. b4 Be7 12. Be2 O-O 13. O-O Bf6 14. Bh2 {1-0 (34) Sokolov,I (2663)-Miladinovic,I (2607) Vogosca 2007}) 7. Bg5 dxc4 8. Bxc4 h6 9. Bh4 {LiveBook: 3 Games} O-O 10. Be2 Be7 11. O-O Nd5 {Strongly threatening ...Nxc3.} 12. Bg3 Nxc3 $146 ({Predecessor:} 12... Bd6 13. Rc1 Bxg3 14. hxg3 Nxc3 15. Rxc3 {1-0 (76) Garcia Ilundain,D (2485)-Narciso Dublan,M (2375) Zaragoza 1995}) 13. bxc3 Bd6 14. c4 Bxg3 15. hxg3 b6 16. c5 Ne7 17. Qc2 bxc5 18. Rfd1 c6 19. Qxc5 Qc7 20. Rac1 Rab8 21. Qc2 Bxf3 22. Bxf3 Rb6 23. Rd2 {[%cal Bd1d2,Bd2c2,Bc2c6][%mdl 32]} Rfb8 24. Be4 a5 25. g4 Nd5 26. Qa4 Nf6 27. Bf3 Rb1 28. Rdc2 R8b2 29. g3 Qb6 (29... Rxc2 $11 {keeps the balance.} 30. Qxc2 Rxc1+ 31. Qxc1 Nd5) 30. Rxb1 ({Much weaker is} 30. Qxc6 Qxc6 31. Rxc6 Rxc1+ 32. Rxc1 Rxa2 $11) 30... Rxb1+ 31. Kg2 Ra1 (31... g5 $14) 32. Rxc6 $16 Qb1 {[%csl Ga1][%cal Rb1h1]} 33. Rc8+ Kh7 {[%csl Ga1][%cal Rb1h1]} 34. Qc2+ Qxc2 35. Rxc2 {[%mdl 4096] Endgame KRB-KRN} Kg8 {[#]} (35... Nd5 $16) 36. Be2 ({White should play} 36. Rc8+ $1 $18 Kh7 37. e4) 36... Kf8 37. Kf3 Nd5 38. Bc4 Nb6 39. Bb5 Nd5 $2 (39... Rb1 $16 {was called for.}) 40. e4 (40. Rc8+ $142 Ke7 41. e4) 40... Nb4 $2 (40... Ne7 {was worth a try.} 41. Ba4 g6) 41. Rc8+ $18 Ke7 42. a4 f6 43. Rc7+ Kf8 {[#]} 44. Ra7 $1 Re1 (44... Nc2 $142 45. d5 exd5 46. exd5 Rd1) 45. Rxa5 Nc2 46. Ra8+ Ke7 47. Ra7+ Kf8 48. d5 exd5 49. exd5 Re5 {( -> ...Ne1+)} 50. Ra8+ Kf7 $2 (50... Ke7 51. Re8+ Kd6 52. Rd8+ Ke7 53. Rd7+ Kf8) 51. Kg2 {Accuracy: White = 63%, Black = 44%.} 1-0